Chaîne de mots : Sciences - Statistiques

Statistiques générales
  • Ce quiz a été pris 553 fois
  • Le résultat moyen est 12 sur 25
Statistiques - réponses
Hint Réponse % Correct
Os le plus grand du corps humain Fémur
87%
Symbole du sodium Na
82%
Lepton ayant une charge électriquenégative Electron
80%
Composante principale de la matière Atome
79%
Elément de symbole Ra Radium
75%
Unité de la quantité de matière Mole
71%
Peut être solaire, volcanique ou encorecutanée Eruption
69%
Préfixe désignant 10^-9 Nano
65%
Messager de l'information chez l'êtrevivant Nerf
65%
Ion chargé négativement Anion
60%
Unité de la résistance électrique Ohm
56%
Transmet notamment le dioxygène vers les organes chez l'animal Sang
52%
Ensemble protons-neutrons Nucleon
51%
Objet le plus dense de tout l'univers Trou noir
44%
Protéines catalysant des réactions biologiques Enzymes
33%
Elément digéré nécessaire aufonctionnement du corps humain Nutriment
31%
Gaz à effet de serre présent dans l'atmosphère terrestre Méthane
28%
Partie essentielle au fonctionnementd'un organisme vivant Organe
27%
Adjectif de l'étoile Stellaire
26%
S'associent et se réarrangent pour former des produits Réactif
23%
Particule élémentaire électriquementneutre Neutrino
21%
Couches terrestres ou atmosphériques Strates
16%
Particule vecteur de l'interaction forte Gluon
6%
Objet extrêmement dense et neutre Etoile à neutron
4%
Structures spatiales parmi les plusgrandes (le nôtre est Laniakea) Filaments
1%
Aucun quiz correspondant
Distribution des résultats
% des personnes avec chaque résultat
Percentile par nombre de réponses
Votre historique - résultats
Vous n’avez pas pris ce quiz